| 000 | 00564nam a2200169Ia 4500 | ||
|---|---|---|---|
| 008 | 090201s9999 xx 000 0 und d | ||
| 010 | _aKPL-70887 | ||
| 040 | _bमराठी | ||
| 041 | _aमराठी | ||
| 082 |
_a49665 _b70887 |
||
| 100 | _aआशा कर्दळे | ||
| 245 |
_aअपवाद आणि दिशातूर _cआशा कर्दळे |
||
| 260 |
_c2006 _bपारस पब्लिकेशन्स् |
||
| 300 |
_a184 _bमध्यम |
||
| 600 | _aअपवाद आणि दिशातूर | ||
| 942 | _cBOOK | ||
| 999 |
_c246221 _d246221 |
||